000 00691nam a22002297a 4500
999 _c16285
_d16285
003 AR-CdUCM
008 190502b ||||| |||| 00| 0 spa d
040 _aMUNICIPALIDAD PROVINCIAL DEL CUSCO
_cBIBLIOTECA MUNICIPAL DEL CUSCO
041 _heng
082 _a813 /
_bM41
100 _aMelville, Herman
_91506
245 _aMoby Dick :
_bla ballena blanca /
260 _aBuenos Aires :
_bEmecé,
_c1944.
300 _a692 páginas ;
_c20 cm.
440 _aEl navío ;
_935639
505 _aNovela
650 _aNovelas estadounidenses
_9734
650 _aSiglo XIX
_9971
700 _aGuerrero Estrella, Guillermo (traductor)
_935640
942 _2ddc
_cLIBROS
945 _aacv
_d2019-05-02